Statistics for Top 10 richest car companies

Click here to take the quiz!

General Stats

  • This quiz has been taken 229 times
  • The average score is 7 of 10

Answer Stats

HintAnswer% Correct
$34.9bnToyota
91%
$20.24bnFord
89%
$28.96bnBMW
79%
$27.06bnVolkswagen
79%
$22.15bnHonda
71%
$24.17bnMercedes-Benz
71%
$21.19bnNissan
62%
$18.83bnHyundai
55%
$9.01bnRenault
36%
$11.37bnPorsche
35%

Score Distribution

Percentile by Number Answered

Percent of People with Each Score

Your Score History

You have not taken this quiz